Toward understanding the Bible. (Record no. 3359)

000 -LEADER
fixed length control field 00569nam a2200181 a 4500
001 - CONTROL NUMBER
control field :::00001089$&:&@@
003 - CONTROL NUMBER IDENTIFIER
control field OkBaRHE
005 - DATE AND TIME OF LATEST TRANSACTION
control field 20000607103241.0
008 - FIXED-LENGTH DATA ELEMENTS--GENERAL INFORMATION
fixed length control field s1954 j 000 0 eng u
040 ## - CATALOGING SOURCE
Transcribing agency
100 1# - MAIN ENTRY--PERSONAL NAME
Personal name Harkness, Georgia Elma, 1891-1974.
245 10 - TITLE STATEMENT
Title Toward understanding the Bible.
260 ## - PUBLICATION, DISTRIBUTION, ETC. (IMPRINT)
Place of publication, distribution, etc New York, NY., :
Name of publisher, distributor, etc Abingdon Press
Date of publication, distribution, etc 1954
300 ## - PHYSICAL DESCRIPTION
Extent 138 p. ;
Dimensions 20 cm.
650 ## - SUBJECT ADDED ENTRY--TOPICAL TERM
Topical term or geographic name as entry element Bible
General subdivision Criticism, Interpretation, etc.
942 ## - ADDED ENTRY ELEMENTS (KOHA)
Source of classification or shelving scheme
Koha item type Books
Copies
Not for loan Copy number Lost status Koha item type Withdrawn status Barcode Price effective from Permanent Location Damaged status Date last seen Source of classification or shelving scheme Date acquired Full call number Shelving location
 1 Books 10892010-04-14RHEMA Bible Training College 2010-04-14 2010-04-14BS 538 .H3General Stacks